Денисов /Областной Войска Донского предводитель дворянства/. О заседании акционеров Южно-Русского Общества и по вопросу о загото...

Доступно только в Электронных читальных залах Найти на картеНа карте
RUSMARC
00004498nac2a22003013x 450
001fc31a393-3777-4dc7-95be-dff37a687b1f
00520211210145616.0
100##$a20211120l19061910k y0rusy50 ca
1010#$arus
102##$aRU
105##$ay z |||||
1222#$ad19061024
$ad19100324
2001#$aДенисов /Областной Войска Донского предводитель дворянства/. О заседании акционеров Южно-Русского Общества и по вопросу о заготовке мяса для армии
$j24 октября 1906 - 24 марта 1910
215##$a6 листов
251##$cДело
300##$aЗаголовок дела на папке: Письма и телеграмма Денисова - Звегинцеву Ал. Ив. (О заседании акционеров Южно-русского общества и по вопросу о заготовке мяса для армии)
300##$aЛист: 5 - телеграмма
300##$aРукописный и машинописный текст
330##$aВходит в раздел описи: 1. Письма к А. И. Звегинцову. 3/ Письма имущественно-хозяйственного характера
461#0$1001fc48e33c-c630-4015-85dd-2f2aab656f45
$12001
$aЗвегинцев Александр Иванович, помещик Воронежской губернии, депутат III Государственной думы, член партии "Союз 17 октября"
$1251
$cФонд
$1852
$j932
462#0$1001ddcf82e7-7bd9-4c5e-b7f1-85df8b3febb3
$12001
$aДела постоянного хранения. 1899-1913 гг.
$vД. 502
$1251
$cОпись
$1852
$j1
5171#$aПисьма и телеграмма Денисова - Звегинцеву Ал. Ив. (О заседании акционеров Южно-русского общества и по вопросу о заготовке мяса для армии)
600#1$aЗвегинцев
$bА. И.
$gАлександр Иванович
600#1$aДенисов
60102$aЮжно-русское общество
801#0$aRU
$bGA_RF
801#1$aRU
$bГлавНИВЦ
$c20211120
$2rusmarc
801#2$aRU
$bПБ им. Б.Н. Ельцина
$c20211210
$gRCR
$2rusmarc
852##$aГА РФ
$j502
937##$d171431587
$hГАРФ
035##$aRuPRLIB51062745
856##$uhttp://readingroom.main.prlib.ru/item.aspx?id_node=n171431587&mode=full
Формат отображения